Loading...
| History - World History | 0 | 3 | 0 | 0 | 30 | 123 | 133.00 | 0 | 2 |
| History - European History | 0 | 3 | 0 | 1 | 30 | 115 | 119.00 | 1 | 2 |
| Literature - British Literature | 0 | 3 | 0 | 1 | 30 | 122 | 130.67 | 0 | 1 |
| Geography | 1 | 1 | 0 | 1 | 25 | 32 | 74.50 | 1 | 2 |
| Auditory Arts | 0 | 3 | 1 | 1 | 25 | 120 | 129.67 | 0 | 2 |
| Social Science | 0 | 2 | 0 | 1 | 20 | 122 | 126.00 | 0 | 2 |
| Science - Physics | 0 | 2 | 0 | 1 | 20 | 125 | 128.00 | 0 | 1 |
| Philosophy | 0 | 2 | 0 | 1 | 20 | 122 | 126.50 | 0 | 2 |
| Beliefs | 0 | 2 | 1 | 1 | 15 | 123 | 127.50 | 0 | 1 |
| Literature - American Literature | 0 | 1 | 0 | 0 | 10 | 151 | 151.00 | 0 | 0 |
| Current Events | 0 | 1 | 0 | 0 | 10 | 119 | 119.00 | 0 | 1 |
| Literature - World Literature | 0 | 1 | 0 | 1 | 10 | 146 | 146.00 | 0 | 1 |
| Science - Other Science | 0 | 1 | 0 | 1 | 10 | 131 | 131.00 | 0 | 1 |
| Science - Biology | 0 | 1 | 1 | 0 | 5 | 125 | 125.00 | 0 | 1 |
| Science - Chemistry | 0 | 1 | 1 | 1 | 5 | 128 | 128.00 | 0 | 1 |
| Visual Arts | 0 | 0 | 0 | 0 | 0 | 0.00 | 0 | 0 | |
| History - American History | 0 | 0 | 0 | 0 | 0 | 0.00 | 0 | 0 | |
| Literature - European Literature | 0 | 0 | 0 | 0 | 0 | 0.00 | 0 | 0 | |
| History - Ancient History | 0 | 0 | 0 | 0 | 0 | 0.00 | 0 | 0 | |
| Fine Arts - Other Arts | 0 | 1 | 2 | 0 | 0 | 134 | 134.00 | 0 | 0 |
| History - Other History | 0 | 0 | 1 | 0 | -5 | 0.00 | 0 | 0 |